[Event "Bratto op-C 35th"]
[White "Picasso, Filippo"]
[Black "Colantonio, Marco"]
[Site "Bratto"]
[Round "3.12"]
[Result "1/2-1/2"]
[Date "2015.08.25"]
[WhiteElo "1483"]
[BlackElo "1662"]
[PlyCount "57"]
[EventDate "2015.08.23"]
[EventType "swiss"]
[EventRounds "8"]
[EventCountry "ITA"]
[SourceTitle "EXT 2022"]
[Source "ChessBase"]
[SourceDate "2021.10.06"]
[SourceVersion "1"]
[SourceVersionDate "2021.10.06"]
[SourceQuality "1"]

1. d4 f5 2. Nf3 Nf6 3. Bf4 d6 4. e3 g6 5. Bd3 Bg7 6. c3 0-0 7. Nbd2 Qe8 8. Qc2 Nbd7 9. 0-0-0 e5 10. dxe5 Nxe5 11. Bxe5 dxe5 12. e4 fxe4 13. Nxe4 Nxe4 14. Bxe4 c6 15. Ng5 Bf5 16. h4 Bxe4 17. Nxe4 Rd8 18. Qb3+ Kh8 19. Rxd8 Qxd8 20. Qxb7 Qd3 21. Ng5 Rxf2 22. Qb3 Qd5 23. Qb8+ Rf8 24. Qxa7 Qxg2 25. Rd1 Qg4 26. Qe7 Qf4+ 27. Kb1 Qf6 28. Qxf6 Bxf6 29. Rd6 1/2-1/2